Welcome to the Holygrace Academy Library

Please use search bar below to get started

KADHIKANTE PANIPPURA (Record no. 5561)

MARC details
000 -LEADER
fixed length control field 00325nam a22001457a 4500
020 ## - INTERNATIONAL STANDARD BOOK NUMBER
ISBN 978-81-264-2429-0
082 ## - DEWEY DECIMAL CLASSIFICATION NUMBER
Classification number 894.812.3
Item number VAS/K
100 ## - MAIN ENTRY--AUTHOR NAME
Personal name M.T . VASUDEVAN NAIR
245 ## - TITLE STATEMENT
Title KADHIKANTE PANIPPURA
260 ## - PUBLICATION, DISTRIBUTION, ETC. (IMPRINT)
Place of publication KOTTAYAM
Name of publisher DC BOOKS
Year of publication 2010
300 ## - PHYSICAL DESCRIPTION
Number of Pages 47
520 ## - SUMMARY, ETC.
Summary, etc CRITICISM
650 ## - SUBJECT ADDED ENTRY--TOPICAL TERM
Topical Term CRITICISM
942 ## - ADDED ENTRY ELEMENTS (KOHA)
Koha item type Books
Holdings
Withdrawn status Lost status Collection code Home library Current library Shelving location Date acquired Source of acquisition Cost, normal purchase price Full call number Accession Number Koha item type
    Fiction Main Library Main Library SHELF-16L- MALAYALAM BIOGRAPHY,STUDIES/CRITICISM 05/10/2017 Purchase 30.00 894.812.3 VAS/K 10029 Books